vocabulaire par définition - Statistiques

Statistiques générales
  • Ce quiz a été pris 13 fois
  • Le résultat moyen est 2 sur 15
Statistiques - réponses
Hint Réponse % Correct
qui a plusieurs sens polysémique
55%
le fait de donner son nom à quelque chose éponyme
45%
Citation lorsque son « authenticité n'est pas établie ». apocryphe
36%
lorsqu'un personnage relate seul ses pensées/sentiments à haute voix devant le public soliloque
27%
nom de famille possédant un sens lié à la personne qui le porte aptonyme
18%
effacement d'une voyelle en fin de mot devant la voyelle commençant le mot suivant elision
18%
Comportement consistant à donner son avis sur des sujets à propos desquels on n’a pas de compétence. Ultracrépidarianisme
18%
courant de pensée qui envisage les risques,causes et conséquences d'un effondrement de la civilisation collapsologie
9%
faveur qu'une personne au pouvoir montre envers ses proches sans considération du mérite népotisme
9%
modification phonétique impliquant la perte d'un ou plusieurs phonèmes au début d'un mot aphérèse
0%
Bref résumé résumant une théorie ou un savoir aphorisme
0%
se caractérise par l'abréviation du mot complet, en gardant uniquement son ou ses premiers phonèmes ou syllabes apocope
0%
reniement d'une fois, abandon d'une doctrine Apostasie
0%
idée de base, revenant souvent dans une œuvre ou un discours Letmotiv
0%
déisgne une longue introduction placée en tête d'une démonstration, d'un ouvrage prolégomènes
0%
Aucun quiz correspondant
Distribution des résultats
% des personnes avec chaque résultat
Percentile par nombre de réponses
Votre historique - résultats
Vous n’avez pas pris ce quiz